| 000 | 00795nam a22002417a 4500 | ||
|---|---|---|---|
| 003 | OSt | ||
| 005 | 20220209112029.0 | ||
| 008 | 220114b |||||||| |||| 00| 0 eng d | ||
| 020 | _aT235 | ||
| 040 | _cSTCPL | ||
| 041 | _aENG | ||
| 082 |
_a894.812 _bTHO-B |
||
| 100 | _aThomas Kuruvilla | ||
| 110 | _aGuided by Jose Parakadavil | ||
| 111 | _aMahatma Gandhi University Kottayam, Research and Post Graduate Departmet of Malayalam, St Thomas College Palai | ||
| 245 |
_aBiblical atmosphere in the stories of Zacharia / _cby Thomas Kuruvilla _hബൈബിൾ അന്തരീക്ഷം സക്കറിയയുടെ കഥകളിൽ |
||
| 260 |
_aPala : _cJuly 2019 |
||
| 300 |
_a193 p. _bHB |
||
| 650 | _aMalayalam | ||
| 942 | _cTHE | ||
| 942 |
_2ddc _n0 |
||
| 942 |
_2ddc _n0 |
||
| 999 |
_c75521 _d75521 |
||